00749 2200265 4500001002100000005001500021035002000036007000300056008004100059020001800100082000800118084001400126100002400140245010000164260004300264300003500307650004400342250001000386500001400396500001100410504002900421990001100450990001100461990001100472INLIS00000000000558920200630100031 a0010-0320000157ta200630 g 0 ind  a602-8507-52-0 a410 a410 ADE p0 aADE, Husnul Mawadah1 aPanduan Pendidik :bStrategi Belajar Mengajar Bahasa dan Sastra Indonesia /cAde Husnul Mawadah aJakarta :bMultazam Mulia Utama,c2011 av, 103 hlm. :bilus. ;c25 cm. 4aBAHASA INDONESIA - STUDI DAN PENGAJARAN acet.2 aGlosarium aIndeks aBibliografi : hlm. 96-98 a7382 a a7382 b a7382 c